Statistics for Countries by highest peak

Click here to take the quiz!

General Stats

  • This quiz has been taken 11 times
  • The average score is 1 of 15

Answer Stats

HintAnswer% Correct
NepalMt everest
88%
PakistanMt K2
38%
RussiaMt Elbrus
13%
SwitzerlandMatterhorn
0%
United kingdomMt Ben Nevis
0%
FranceMt blanc
0%
New ZealandMt Cook
0%
JapanMt Fuji
0%
PeruMt Huazcaran
0%
IndiaMt Kanchenjunga
0%
KenyaMt Kenya
0%
TanzaniaMt Kilimanjaro
0%
AustraliaMt Kozikiuzko
0%
United StatesMt McKinley
0%
GreeceMt Olympus
0%

Score Distribution

Percentile by Number Answered

Percent of People with Each Score

Your Score History

You have not taken this quiz